| 000 | 00603nam a2200193 a 4500 | ||
|---|---|---|---|
| 005 | 20210223132253.0 | ||
| 008 | 140124s2013 mx r 000 0 spa d | ||
| 020 | _a9786070241703 | ||
| 035 | _aUPN01000195130 | ||
| 049 | _aCG | ||
| 050 | 4 |
_aHG101 _bL4.2 |
|
| 100 | 1 |
_aLevy Orlik, Noemi _935142 |
|
| 245 | 1 | 0 |
_aDinero, estructuras financieras y financiarización : _bun debate teórico-institucional / _cNoemi Levy Orlik. |
| 260 |
_aMéxico : _bUNAM, Facultad de Economía : _bItaca, _c2013. |
||
| 300 | _a316 p. | ||
| 650 | 4 |
_aFINANZAS - _zAMERICA LATINA _915095 |
|
| 905 | _aLibro | ||
| 999 |
_c167231 _d167231 |
||